Skills For Managers And Leaders (Record no. 4929)
[ view plain ]
| 005 - DATE AND TIME OF LATEST TRANSACTION | |
|---|---|
| control field | 20250625070317.0 |
| 020 ## - INTERNATIONAL STANDARD BOOK NUMBER | |
| International Standard Book Number | 0-13-556564-2 |
| 082 ## - DEWEY DECIMAL CLASSIFICATION NUMBER | |
| Classification number | 658YUK. |
| 100 ## - MAIN ENTRY--PERSONAL NAME | |
| Author name | YUKL. G. |
| 245 ## - TITLE STATEMENT | |
| Title | Skills For Managers And Leaders |
| 250 ## - EDITION STATEMENT | |
| Edition statement | 2nd Ed, |
| 260 ## - PUBLICATION, DISTRIBUTION, ETC. | |
| Place of publication, distribution, etc. | London, |
| Name of publisher, distributor, etc. | Printice Hall, |
| Date of publication, distribution, etc. | 2009. |
| 300 ## - PHYSICAL DESCRIPTION | |
| Extent | viii.: 374p.: ill, table |
| Dimensions | 23cm |
| 942 ## - ADDED ENTRY ELEMENTS (KOHA) | |
| Source of classification or shelving scheme | Dewey Decimal Classification |
| Koha item type | Books |
| Date last seen | Total checkouts | Full call number | Barcode | Cost, replacement price | Price effective from | Koha item type | Lost status | Source of classification or shelving scheme | Damaged status | Not for loan | Withdrawn status | Home library | Current library | Shelving location | Date acquired | Cost, normal purchase price |
|---|---|---|---|---|---|---|---|---|---|---|---|---|---|---|---|---|
| 06/25/2025 | 658YUK | DOM0004170 | 999999.99 | 06/25/2025 | Books | Dewey Decimal Classification | CBE Dodoma | CBE Dodoma | Special Reserve Collection | 10/23/2001 | 85000.00 |
